000 00433 a2200181 4500
005 20260401115433.0
008 260325b |||||||| |||| 00| 0 eng d
020 _a9789371260381
_cRs. 375.00
040 _aMAIN
082 _a343.074
_bA89E
100 _aAnu singh
245 _aEconomics for law
260 _bTaxmann Publications
_c2025
_aNew Delhi
300 _av.
650 _aLaw
650 _aEconomic Law
942 _cBK
999 _c396359
_d396359